Normal view
MARC view
- MUHAMMAD ZAHEER BABAR
Entry Personal Name
001 - CONTROL NUMBER
- control field: 70068
003 - CONTROL NUMBER IDENTIFIER
- control field: NUST
005 - DATE AND TIME OF LATEST TRANSACTION
- control field: 20210628204348.0
008 - FIXED-LENGTH DATA ELEMENTS
- fixed length control field: 210628|| aca||aabn | a|a d
040 ## - CATALOGING SOURCE
- Original cataloging agency: NUST
- Transcribing agency: NUST
100 ## - HEADING--PERSONAL NAME
- Personal name: MUHAMMAD ZAHEER BABAR
670 ## - SOURCE DATA FOUND
- Source citation: Work cat.: (NUST): MUHAMMAD ZAHEER BABAR, TH-SOF-1226-MS-ELECT-75-Optimal allocation and sizing of Distributed Generation Sources by using Particle Swarm Optimization, 2016
